000 00882nam a2200217Ia 4500
001 17708
005 20260317174219.0
008 260306s9999||||xx |||||||||||||| ||und||
041 _aESP
082 _a658.15
_bM14
100 _aMadura, Jeff
_eAUT
245 0 _aAdministración financiera internacional
260 _c2015
300 _axxvi, 722 páginas :
_c27 cm.
650 _aGEN
654 _aCAN
856 _uhttps://itmsp.museknowledge.com/UCSP?url=https://www.ebooks7-24.com:443/?il=7648&pg=1
_zVersión digital (2018)
856 _uhttps://0u213su22-y-https-ebooks7--24-com.itmsp.museknowledge.com/biblioteca.aspx?t=879F3E11-6760-4FE5-9156-07D170231047
_zVéase además: Base de datos Ebook7-24
856 _uhttps://0u20fsuba-y-https-research-ebsco-com.itmsp.museknowledge.com/c/qxo6us/search
_zVéase además: Base de datos EBSCOhost
942 _cLIB
_dJUS
_fJUS
_2ddc
999 _c17708
_d17708